Strategic management : (Record no. 7308)
[ view plain ]
| 000 -LEADER | |
|---|---|
| fixed length control field | 00926pam a2200265 a 4500 |
| 001 - CONTROL NUMBER | |
| control field | 3562841 |
| 003 - CONTROL NUMBER IDENTIFIER | |
| control field | GZU |
| 005 - DATE AND TIME OF LATEST TRANSACTION | |
| control field | 20210506114440.0 |
| 008 - FIXED-LENGTH DATA ELEMENTS--GENERAL INFORMATION | |
| fixed length control field | 981007s1999 njuab b 001 0 eng |
| 010 ## - LIBRARY OF CONGRESS CONTROL NUMBER | |
| LC control number | 98047066 |
| 020 ## - INTERNATIONAL STANDARD BOOK NUMBER | |
| International Standard Book Number | 0130807850 |
| 040 ## - CATALOGING SOURCE | |
| Original cataloging agency | DLC |
| Transcribing agency | DLC |
| Modifying agency | DLC |
| 050 00 - LIBRARY OF CONGRESS CALL NUMBER | |
| Classification number | HD30.28 |
| Item number | .DAV 1999 |
| 100 1# - MAIN ENTRY--PERSONAL NAME | |
| Personal name | David, Fred R. |
| Relator term | author |
| 245 10 - TITLE STATEMENT | |
| Title | Strategic management : |
| Remainder of title | concepts & cases / |
| Statement of responsibility, etc. | Fred R. David. |
| 250 ## - EDITION STATEMENT | |
| Edition statement | 7th ed. |
| 260 ## - PUBLICATION, DISTRIBUTION, ETC. | |
| Place of publication, distribution, etc. | Upper Saddle River, N.J. : |
| Name of publisher, distributor, etc. | Prentice Hall, |
| Date of publication, distribution, etc. | c1999. |
| 300 ## - PHYSICAL DESCRIPTION | |
| Extent | xxxii, 525 p. : |
| Other physical details | ill. (some col.), col. maps ; |
| Dimensions | 26 cm. |
| 500 ## - GENERAL NOTE | |
| General note | Includes bibliographical references and indexes. |
| 650 #0 - SUBJECT ADDED ENTRY--TOPICAL TERM | |
| Topical term or geographic name entry element | Strategic planning |
| General subdivision | Case studies. |
| 650 #0 - SUBJECT ADDED ENTRY--TOPICAL TERM | |
| Topical term or geographic name entry element | Strategic planning. |
| 906 ## - LOCAL DATA ELEMENT F, LDF (RLIN) | |
| a | 7 |
| b | cbc |
| c | orignew |
| d | 1 |
| e | ocip |
| f | 19 |
| g | y-gencatlg |
| 942 ## - ADDED ENTRY ELEMENTS (KOHA) | |
| Source of classification or shelving scheme | Library of Congress Classification |
| Koha item type | Books |
| Edition | 7th edition |
| Classification part | 30.28 |
| Item part | DAV |
| Call number prefix | HD |
| Withdrawn status | Lost status | Source of classification or shelving scheme | Damaged status | Not for loan | Collection code | Home library | Current library | Shelving location | Date acquired | Inventory number | Total Checkouts | Full call number | Barcode | Date last seen | Copy number | Price effective from | Koha item type |
|---|---|---|---|---|---|---|---|---|---|---|---|---|---|---|---|---|---|
| Library of Congress Classification | Non-fiction | Mashava Campus Library | Mashava Campus Library | General Stacks | 05/06/2021 | 2001/264 | HD30.28 DAV 1999 | B017974 | 05/06/2021 | c. 1 | 05/06/2021 | Books | |||||
| Library of Congress Classification | Non-fiction | Mashava Campus Library | Mashava Campus Library | General Stacks | 05/06/2021 | 2001/263 | HD30.28 DAV 1999 | B016018 | 09/23/2024 | c. 2 | 05/06/2021 | Books |